01212 2200181 4500001002100000005001500021035002000036245005600056100001700112250001700129300003100146260003100177082001100208084001700219020002200236650001800258520075400276INLIS00000000000087220250113073200 a0010-01250000451 a7 Kisah Imam Hadits yang Legendaris /cFadila Hanum0 aFadila Hanum acetakan ke-1 ax, 46 hlm :bIlus ;c24 cm aSolo :bTiga Ananda,c2018 a2X1.61 a2X1.61 FAD t a978-602-366-487-0 4aNonfiksi Anak a“Bagaimana, sih, sebuah hadits dapat sampai ke kita? Siapa pula yang telah bersusah payah mengumpulkan hadits-hadits dari Rasulullah saw.? Hadits-hadits Rasulullah saw. dapat sampai kepada kita karena ada orang-orang berilmu yang dengan tekun mengumpulkan dan menelusuri hadits-hadits tersebut. Merekalah yang biasa kita kenal sebagai imam hadits. Para imam hadits itu adalah orang-orang yang memiliki akhlak mulia dan kecerdasan yang luar biasa. Ada yang hafal ratusan ribu hadits, ada yang memiliki murid lebih dari seribu orang, dan kebanyakan dari mereka telah hafal Al-Qur’an sejak kecil. Luar biasa, bukan? Siapa saja, ya, para imam hadits itu? Keteladanan apa saja yang dapat kita teladani dari mereka? Baca, yuk, di buku ini!”